Born in Toledo/Ohio - Statistics

General Stats
  • This quiz has been taken 21 times
  • The average score is 4 of 15
Answer Stats
Hint Answer % Correct
Actor, known for his role as Maxwell Q. Klinger in "M*A*S*H" 1934 Jamie Farr
62%
Feminist activist, journalist and co-founder of Ms. magazine 1934 Gloria Steinem
54%
Head football coach of the Los Angeles Chargers since 2024, former head coach of the 49ers and Michigan Wolverines 1963 Jim Harbaugh
54%
Head coach of the Baltimore Ravens since 2008 1962 John Harbaugh
54%
Actress, "Batman Begins" "Dawson's Creek" "Jack and Jill" 1978 Katie Holmes
54%
Former head coach of the Jacksonville Jaguars, Ohio State Buckeyes and Florida Gators 1964 Urban Meyer
38%
Former NASA flight director and leader of the successful efforts to save the crew of Apollo 13 1933 Gene Kranz
23%
Co-creator of "That '70s Show" "3rd Rock from the Sun" 1940 Bonnie Turner
15%
Creator and showrunner of "Supernatural" and "The Boys" 1974 Eric Kripke
15%
Head coach of the Chicago Bears from 2022 to 2024 1970 Matt Eberflus
15%
Founder, primary guitarist and songwriter of the band Boston 1947 Tom Scholz
15%
Actress, "Friday Night Lights" "Agents of S.H.I.E.L.D" "The Orville" 1983 Adrianne Palicki
8%
Governor of Arizona from 2015 to 2023 1964 Doug Ducey
8%
Former journalist, she returned her Pulitzer Prize after it was discovered that the story of her article was fabricated by her 1954 Janet Cooke
8%
Actor, "Magnolia" "Zodiac" "The Truman Show" 1933 Philip Baker Hall
8%
No matching quizzes found
Score Distribution
Percent of People with Each Score
Percentile by Number Answered
Your Score History
You have not taken this quiz